000 00637nam a2200253Ia 4500
003 OSt
005 20221007074209.0
006 a|||||r|||| 00| 0
007 ta
008 221006b |||||||| |||| 00| 0 eng d
024 _a25,074
037 _cTextual
040 _aFLL
_cFLL
_beng
041 _2eng
_aeng
082 _aZ3:924, L6
100 _aKeeton G. W.
_999801
245 0 _aEquity
250 _a2nd
260 _aMilton
_bOxon.
_c1976
300 _axci,443p
_ccm.
700 _a Sheridan L. A.
_9690157
942 _hZ3:924, L6
_cTEXL
_2CC
999 _c1151507
_d1151507